000 00586cam a2200145 4500500
005 20251228141532.0
041 _afre
042 _adc
100 1 0 _aBarberis, Pierre
_eauthor
700 1 0 _aBirat, Jean-Pierre
_eauthor
700 1 0 _aChampion, Yannick
_eauthor
245 0 0 _aAciers inoxydables, aciers réfractaires et aciers résistant au fluage
260 _bTechniques de l'ingénieur,
_c2025.
856 4 1 _uhttps://stm.cairn.info/techniques-de-l-ingenieur-aciers-inoxydables-aciers-refractaires-et-aciers-resistant-au-fluage--42346210?lang=fr&redirect-ssocas=7080
999 _c1607592
_d1607592